书目信息 |
| 题名: |
塑料农膜与生态环境保护
|
|
| 作者: | 杨惠娣 编 | |
| 分册: | ||
| 出版信息: | 北京 化学工业出版社 2000.01 |
|
| 页数: | 154页 | |
| 开本: | 32开 | |
| 丛书名: | ||
| 单 册: | ||
| 中图分类: | S425 | |
| 科图分类: | ||
| 主题词: | 植物--气象灾害 , 植物--气象灾害--预防 | |
| 电子资源: | ||
| ISBN: | 7-5025-2706-0 | |
| 000 | 00606nam0 2200205 45 | |
| 001 | 0011181793 | |
| 005 | 20001203095057.7 | |
| 010 | @a7-5025-2706-0@d9.80元 | |
| 100 | @a20001118d2000 km y0chiy0120 ea | |
| 101 | 0 | @achi |
| 105 | @a z 000yy | |
| 200 | 1 | @a塑料农膜与生态环境保护@ASu Liao Nong Mo Yu Sheng Tai Huan Jing Bao Hu@f杨惠娣编@FYang Hui Di Bian |
| 210 | @a北京@c化学工业出版社@d2000.01 | |
| 215 | @a154页@d32开 | |
| 606 | 0 | @a植物@x气象灾害 |
| 606 | 0 | @a植物@x气象灾害@x预防 |
| 690 | @aS425@v3 | |
| 701 | 0 | @a杨惠娣@4编 |
| 801 | @aCN@bPftUser@c20001118 | |
| 905 | @dS425@eY164@b511172-176@f5 | |
| 塑料农膜与生态环境保护/杨惠娣编.-北京:化学工业出版社,2000.01 |
| 154页;32开 |
| ISBN 7-5025-2706-0:9.80元 |
| ● |
| 相关链接 |
|
|
|
正题名:塑料农膜与生态环境保护
索取号:S425/Y164
 
预约/预借
| 序号 | 登录号 | 条形码 | 馆藏地/架位号 | 状态 | 备注 |
| 1 | 511172 | 205111724 | 自科二线504/504自科库 39排2列3层/ [索取号:S425/Y164] | 在馆 | |
| 2 | 511173 | 205111733 | 自科二线504/401自科库 20排4列3层/ [索取号:S425/Y164] | 在馆 | |
| 3 | 511174 | 205111742 | 自科二线504/504自科库 39排2列3层/ [索取号:S425/Y164] | 在馆 | |
| 4 | 511175 | 205111751 | 自科二线504/401自科库 20排4列3层/ [索取号:S425/Y164] | 在馆 | |
| 5 | 511176 | 205111760 | 自科二线504/504自科库 39排2列3层/ [索取号:S425/Y164] | 在馆 |